00578 2200205 4500245011800000250001100118100001900129700001800148700002000166650001800186650001000204005001900214260005700233041001400290084000800304300002000312336000900332337001000341338002100351 aPiala di Atas Dangau b : 10 Cerpen Pemenang Lomba Menulis Cerita Remaja (LMCR) Tahun 2015cMuhammad IsrulhText aCet. 1 aMuhammad Isrul aRenti Fatonah aJamal D. Rahman aCerita Pendek aEbook a20230616132107 aJakartabKementerian Pendidikan dan Kebudayaanc2016 aIndonesia a813 a174 hlm. :cPDF atext aother aother (computer)